Working papers in doctrine (Record no. 11011)
[ view plain ]
| 000 -LEADER | |
|---|---|
| fixed length control field | 01440cam a2200253 i 4500 |
| 001 - CONTROL NUMBER | |
| control field | 4603849 |
| 005 - DATE AND TIME OF LATEST TRANSACTION | |
| control field | 19910606094823.7 |
| 008 - FIXED-LENGTH DATA ELEMENTS--GENERAL INFORMATION | |
| fixed length control field | 761019s1976 enk b 001 0 eng |
| 010 ## - LIBRARY OF CONGRESS CONTROL NUMBER | |
| LC control number | 76376862 |
| 015 ## - NATIONAL BIBLIOGRAPHY NUMBER | |
| National bibliography number | GB76-20346 |
| 020 ## - INTERNATIONAL STANDARD BOOK NUMBER | |
| International Standard Book Number | 0334018072 : |
| Terms of availability | £4.95 |
| 040 ## - CATALOGING SOURCE | |
| Original cataloging agency | DLC |
| Transcribing agency | DLC |
| Modifying agency | DLC |
| 050 00 - LIBRARY OF CONGRESS CALL NUMBER | |
| Classification number | BT80 |
| Item number | .W55 1976 |
| 100 1# - MAIN ENTRY--PERSONAL NAME | |
| Personal name | Wiles, Maurice F. |
| 245 10 - TITLE STATEMENT | |
| Title | Working papers in doctrine |
| Statement of responsibility, etc | [by] Maurice Wiles. |
| 260 ## - PUBLICATION, DISTRIBUTION, ETC. (IMPRINT) | |
| Place of publication, distribution, etc | London : |
| Name of publisher, distributor, etc | S.C.M. Press, |
| Date of publication, distribution, etc | 1976. |
| 300 ## - PHYSICAL DESCRIPTION | |
| Extent | ix, 213 p. ; |
| Dimensions | 23 cm. |
| 504 ## - BIBLIOGRAPHY, ETC. NOTE | |
| Bibliography, etc | Includes bibliographical references and index. |
| 505 0# - FORMATTED CONTENTS NOTE | |
| Formatted contents note | Some reflections on the origins of the doctrine of the Trinity.--Eternal generation.--In defence of Arius.--The doctrine of Christ in the patristic age.--The nature of the early debate about Christ's human soul.--The theological legacy of St. Cyprian.--One baptism for the remission of sins.--The consequences of modern understanding of reality for the relevance and authority of the tradition of the early Church in our time.--The unassumed is the unhealed.--Does Christology rest on a mistake?--Religious authority and divine action.--Jerusalem, Athens, and Oxford.--The criteria of Christian theology. |
| 650 #0 - SUBJECT ADDED ENTRY--TOPICAL TERM | |
| Topical term or geographic name as entry element | Theology, Doctrinal. |
| 906 ## - LOCAL DATA ELEMENT F, LDF (RLIN) | |
| a | 7 |
| b | cbc |
| c | orignew |
| d | 3 |
| e | ncip |
| f | 19 |
| g | y-gencatlg |
| 942 ## - ADDED ENTRY ELEMENTS (KOHA) | |
| Source of classification or shelving scheme | Library of Congress Classification |
| Item type | Book |
| Withdrawn status | Lost status | Source of classification or shelving scheme | Damaged status | Not for loan | Collection code | Home library | Current library | Shelving location | Date acquired | Total Checkouts | Full call number | Barcode | Date last borrowed | Price effective from | Koha item type |
|---|---|---|---|---|---|---|---|---|---|---|---|---|---|---|---|
| Library of Congress Classification | Non-fiction | Bishop Okullu Memorial Library (Limuru Campus) | Bishop Okullu Memorial Library (Limuru Campus) | General Circulation | 15/12/2008 | 1 | BT80 .W55 1976 | 004771 | 07/11/2014 | 15/12/2008 | Book |